Größte deutsche Städte nach Buchstabe - L - Statistiken

Allgemein
  • Dieses Quiz wurde 11.590 mal gespielt
  • Das Durchschnittsergebnis liegt bei 6 aus 16
Antwortstatistiken
Land Einwohner Stadt % Korrekt
Sachsen 593.145 Leipzig
96%
Schleswig-Holstein 216.530 Lübeck
81%
Rheinland-Pfalz 172.253 Ludwigshafen am Rhein
65%
NRW 163.729 Leverkusen
50%
Baden-Württemberg 93.584 Ludwigsburg
49%
Niedersachsen 75.711 Lüneburg
49%
Bayern 73.411 Landshut
40%
NRW 67.952 Lippstadt
31%
NRW 72.313 Lüdenscheid
27%
Niedersachsen 54.708 Lingen (Ems)
26%
Baden-Württemberg 49.291 Lörrach
25%
NRW 86.348 Lünen
24%
Baden-Württemberg 47.201 Lahr/Schwarzwald
17%
Baden-Württemberg 48.848 Leonberg
14%
Niedersachsen 54.652 Langenhagen
13%
NRW 59.178 Langenfeld (Rheinland)
12%
Keine übereinstimmenden Quizze gefunden
Verteilung der Resultate
Anzahl Personen mit jedem Resultat
Perzentil nach korrekt beantworteten Fragen
Ihre Resultats-Entwicklung
Sie haben dieses Quiz noch nicht gespielt